000 00283nam a22001337a 4500
008 170519b xxu||||| |||| 00| 0 eng d
020 _a0835606910
041 _aeng
080 _a94
100 _a16
101 _aSHH
245 _aSEPRENT IN THE SKY
_cWEST, J.A
942 _2udc
_cBK
999 _c13532
_d13532